书目信息 |
| 题名: |
成功的科学
|
|
| 作者: | 雷 著 ;李萌 , 王德忠 译 | |
| 分册: | ||
| 出版信息: | 北京 电子工业出版社 2003.08 |
|
| 页数: | 161页 | |
| 开本: | 19cm | |
| 丛书名: | ||
| 单 册: | ||
| 中图分类: | B848.4 | |
| 科图分类: | ||
| 主题词: | 个性心理学 , 人格心理学 | |
| 电子资源: | ||
| ISBN: | 7-5053-8606-9 | |
| 000 | 00651nam0 2200229 45 | |
| 001 | 0459526498 | |
| 005 | 2004091616320649 | |
| 010 | @a7-5053-8606-9@d12.00CNY | |
| 100 | @a20040916d2003 km y0chiy0120 ea | |
| 101 | 0 | @achi |
| 102 | @aCN@b110000 | |
| 200 | 1 | @a成功的科学@ACheng Gong De Ke Xue@f(美)雷著;李萌,王德忠译@F(Mei)Lei Zhu;Li Meng,Wang De Zhong Yi |
| 210 | @a北京@c电子工业出版社@d2003.08 | |
| 215 | @a161页@d19cm | |
| 606 | 0 | @a个性心理学 |
| 606 | 0 | @a人格心理学 |
| 690 | @aB848.4@v3 | |
| 701 | 0 | @a雷@ALei@4著 |
| 702 | 0 | @a李萌@ALi Meng@4译 |
| 702 | 0 | @a王德忠@AWang De Zhong@4译 |
| 801 | 0 | @aCN@bPFT@c20040916 |
| 905 | @dB848.4@eL079 | |
| 成功的科学/(美)雷著;李萌,王德忠译.-北京:电子工业出版社,2003.08 |
| 161页;19cm |
| ISBN 7-5053-8606-9:12.00CNY |
| ● |
| 相关链接 |
|
|
|
正题名:成功的科学
索取号:B848.4/L079
 
预约/预借
| 序号 | 登录号 | 条形码 | 馆藏地/架位号 | 状态 | 备注 |
| 1 | 394604 | 203946043 | 社科库509/509社科库 44排3列5层/ [索取号:B848.4/L079] | 在馆 | |
| 2 | 394605 | 203946052 | 社科库509/509社科库 44排3列5层/ [索取号:B848.4/L079] | 在馆 | |
| 3 | 394606 | 203946061 | 社科库509/422社科库 44排3列5层/ [索取号:B848.4/L079] | 在馆 |